| 000 | 00000nam##2200000za#4500 |
| 001 | 9.647724 |
| 003 | CaOODSP |
| 005 | 20230202144025 |
| 007 | ta |
| 008 | 150407|2000||||xxc||||| f|0| 0 eng|d |
| 020 | |a0-662-28907-2 |
| 040 | |aCaOODSP|beng |
| 043 | |an-cn--- |
| 086 | 1 |aH72-21/173-2000E |
| 110 | 2 |aNational Clearinghouse on Family Violence (Canada). |
| 245 | 10|aAbuse of children with disabilities |
| 260 | |aOttawa - Ontario : |bHealth Canada. |c2000. |
| 300 | |a16p. : |breferences ; |c28 cm. |
| 563 | |aSoftcover |
| 590 | |a01-05|b2001-02-02 |
| 690 | 07|aViolence against children|2gcpds |
| 690 | 07|aPersons with disabilities|2gcpds |
| 690 | 07|aChildren|2gcpds |
| 775 | 08|tMauvais traitement des enfants handicapés |w(CaOODSP)9.681109 |
| 776 | 0#|tAbuse of children with disabilities / |w(CaOODSP)9.696111 |